Statistics for Guess the Country by Every Other Letter Missing #6

Click here to take the quiz!

General Stats

  • This quiz has been taken 52 times
    (24 since last reset)
  • The average score is 20 of 25

Answer Stats

Country% Correct
AmnaArmenia
96%
CndCanada
96%
Csa RcCosta Rica
96%
E SlaoEl Salvador
96%
MlwMalawi
91%
MlyiMalaysia
91%
NgraNigeria
91%
So Tm ad PícpSão Tomé and Príncipe
91%
Uie SaeUnited States
91%
BnnBenin
87%
GogaGeorgia
83%
HiiHaiti
83%
Suh ArcSouth Africa
83%
HnuaHonduras
78%
Ioy CatIvory Coast
78%
LoLaos
78%
PlnPoland
78%
CmroCameroon
74%
IayItaly
74%
LtiLatvia
74%
GmiGambia
70%
IreIsrael
61%
TnaiTanzania
57%
TnaTonga
57%
MneerMontenegro
52%

Score Distribution

Percentile by Number Answered

Percent of People with Each Score

Your Score History

You have not taken this quiz since the last reset